• 首页
  • 本馆介绍
  • 公告通知
  • 最新文献
  • 馆藏检索
  • 电子资源
  • 读者导购
  • 参考咨询
  • 我的图书馆
  • 登录
  • 详细信息显示
  • 放入我的书架
  • 预约/预借图书
  • 作者相关作品
  • 分类相关作品
  • 丛书相关作品
  • 出版社相关作品

书目信息

  • 表格格式
  • 工作单格式
  • 卡片格式
题名:
化工容器设计
    
 
作者: 王志文 , 蔡仁良 编著
分册:  
出版信息: 北京   化学工业出版社  2013.01
页数: 286页
开本: 26cm
丛书名:
单 册:
中图分类: TQ053.2
科图分类:
主题词: 化工设备--hua gong she bei--容器--设计--高等学校--教材 , 化工设备--hua gong she bei , 容器--rong qi
电子资源:
ISBN: 7-5025-7168-X
000 01047nam0 2200289 450
001 2031070041
005 20201120091147.58
010    @a7-5025-7168-X@dCNY29.00
100    @a20050616d2013 em y0chiy50 ea
101 0  @achi
102    @aCN@b110000
105    @ay z 000yy
106    @ar
200 1  @a化工容器设计@9hua gong rong qi she ji@f王志文, 蔡仁良编著
205    @a3版
210    @a北京@c化学工业出版社@d2013.01
215    @a286页@d26cm
300    @a高等学校教材过程装备与控制工程专业课程教材
330    @a本书共分六章,第1章概论介绍了化工容器设计的基本概念;第2章介绍中低压容器设计;第3章介绍容器整体问题;第4章介绍外压容器设计;第5章介绍高压及超高压容器设计;第6章介绍化工容器设计技术进展。
606 0  @a化工设备@9hua gong she bei@x容器@x设计@x高等学校@j教材
606 0  @a化工设备@9hua gong she bei
606 0  @a容器@9rong qi
690    @aTQ053.2@v5
701  0 @a王志文@9wang zhi wen@4编著@f(1938.7~)
701  0 @a蔡仁良@9cai ren liang@4编著
801  0 @aCN@bBJSZM@c20201119
905    @b1214013-6@dTQ053.2@e565=3@f4
    
    化工容器设计/王志文, 蔡仁良编著.-3版.-北京:化学工业出版社,2013.01
    286页;26cm
    高等学校教材过程装备与控制工程专业课程教材
    
    ISBN 7-5025-7168-X:CNY29.00
    本书共分六章,第1章概论介绍了化工容器设计的基本概念;第2章介绍中低压容器设计;第3章介绍容器整体问题;第4章介绍外压容器设计;第5章介绍高压及超高压容器设计;第6章介绍化工容器设计技术进展。
●
相关链接 在E读中查询图书 在五车中查询图书 在当当中查询图书 在豆瓣中查询图书


正题名:化工容器设计     索取号:TQ053.2/565=3         预约/预借

序号 登录号 条形码 馆藏地/架位号 状态 备注
1 1214013   212140137   第二样本阅览室/ [索取号:TQ053.2/565=3] 在馆    
2 1214014   212140146   第三借阅区/ [索取号:TQ053.2/565=3] 在馆    
3 1214015   212140155   第三借阅区/ [索取号:TQ053.2/565=3] 在馆    
4 1214016   212140164   第三借阅区/ [索取号:TQ053.2/565=3] 在馆    
唐山师范学院图书馆 欢迎您!
大连网信软件有限公司© 版权所有